<?xml version="1.0" encoding="UTF-8"?>
<record
    xmlns:xsi="http://www.w3.org/2001/XMLSchema-instance"
    xsi:schemaLocation="http://www.loc.gov/MARC21/slim http://www.loc.gov/standards/marcxml/schema/MARC21slim.xsd"
    xmlns="http://www.loc.gov/MARC21/slim">

  <leader>00342nam a2200145Ia 4500</leader>
  <controlfield tag="008">191201s2003    xx            000 0 und d</controlfield>
  <datafield tag="082" ind1=" " ind2=" ">
    <subfield code="a">621.4</subfield>
    <subfield code="b">SHP</subfield>
  </datafield>
  <datafield tag="100" ind1=" " ind2=" ">
    <subfield code="a">SHARMA, P C</subfield>
  </datafield>
  <datafield tag="245" ind1=" " ind2="0">
    <subfield code="a">Power Plant Engineering</subfield>
  </datafield>
  <datafield tag="250" ind1=" " ind2=" ">
    <subfield code="a">7th</subfield>
  </datafield>
  <datafield tag="260" ind1=" " ind2=" ">
    <subfield code="a">N.Delhi</subfield>
    <subfield code="b">S K Kataria and Sons</subfield>
    <subfield code="c">2003</subfield>
  </datafield>
  <datafield tag="300" ind1=" " ind2=" ">
    <subfield code="a">810</subfield>
  </datafield>
  <datafield tag="650" ind1=" " ind2=" ">
    <subfield code="a">B.Tech(ME)</subfield>
  </datafield>
  <datafield tag="942" ind1=" " ind2=" ">
    <subfield code="2">ddc</subfield>
    <subfield code="c">BK</subfield>
  </datafield>
  <datafield tag="999" ind1=" " ind2=" ">
    <subfield code="c">973</subfield>
    <subfield code="d">973</subfield>
  </datafield>
  <datafield tag="952" ind1=" " ind2=" ">
    <subfield code="0">0</subfield>
    <subfield code="1">0</subfield>
    <subfield code="2">ddc</subfield>
    <subfield code="4">0</subfield>
    <subfield code="7">0</subfield>
    <subfield code="8">BTECHME</subfield>
    <subfield code="a">PIET</subfield>
    <subfield code="b">PIET</subfield>
    <subfield code="d">2007-03-16</subfield>
    <subfield code="e">UBS, DELHI</subfield>
    <subfield code="g">165.00</subfield>
    <subfield code="k">CM 4732</subfield>
    <subfield code="l">1</subfield>
    <subfield code="o">621.4 SHP</subfield>
    <subfield code="p">938</subfield>
    <subfield code="r">2020-06-22 00:00:00</subfield>
    <subfield code="s">2020-02-24</subfield>
    <subfield code="w">2005-08-22</subfield>
    <subfield code="y">BK</subfield>
  </datafield>
  <datafield tag="952" ind1=" " ind2=" ">
    <subfield code="0">0</subfield>
    <subfield code="1">0</subfield>
    <subfield code="2">ddc</subfield>
    <subfield code="4">0</subfield>
    <subfield code="7">0</subfield>
    <subfield code="8">BTECHME</subfield>
    <subfield code="a">PIET</subfield>
    <subfield code="b">PIET</subfield>
    <subfield code="d">2007-03-16</subfield>
    <subfield code="e">UBS, DELHI</subfield>
    <subfield code="g">165.00</subfield>
    <subfield code="k">CM 4732</subfield>
    <subfield code="l">2</subfield>
    <subfield code="o">621.4 SHP</subfield>
    <subfield code="p">939</subfield>
    <subfield code="r">2020-03-04 00:00:00</subfield>
    <subfield code="s">2020-02-25</subfield>
    <subfield code="w">2005-08-22</subfield>
    <subfield code="y">BK</subfield>
  </datafield>
  <datafield tag="952" ind1=" " ind2=" ">
    <subfield code="0">0</subfield>
    <subfield code="1">0</subfield>
    <subfield code="2">ddc</subfield>
    <subfield code="4">0</subfield>
    <subfield code="7">0</subfield>
    <subfield code="8">BTECHME</subfield>
    <subfield code="a">PIET</subfield>
    <subfield code="b">PIET</subfield>
    <subfield code="d">2007-03-16</subfield>
    <subfield code="e">UBS, DELHI</subfield>
    <subfield code="g">165.00</subfield>
    <subfield code="k">CM 4732</subfield>
    <subfield code="l">1</subfield>
    <subfield code="o">621.4 SHP</subfield>
    <subfield code="p">940</subfield>
    <subfield code="r">2020-02-13 00:00:00</subfield>
    <subfield code="s">2020-02-13</subfield>
    <subfield code="w">2005-08-22</subfield>
    <subfield code="y">BK</subfield>
  </datafield>
  <datafield tag="952" ind1=" " ind2=" ">
    <subfield code="0">0</subfield>
    <subfield code="1">0</subfield>
    <subfield code="2">ddc</subfield>
    <subfield code="4">0</subfield>
    <subfield code="7">0</subfield>
    <subfield code="8">BTECHME</subfield>
    <subfield code="a">PIET</subfield>
    <subfield code="b">PIET</subfield>
    <subfield code="d">2007-03-16</subfield>
    <subfield code="e">UBS, DELHI</subfield>
    <subfield code="g">165.00</subfield>
    <subfield code="k">CM 4732</subfield>
    <subfield code="l">2</subfield>
    <subfield code="o">621.4 SHP</subfield>
    <subfield code="p">941</subfield>
    <subfield code="r">2021-03-26 00:00:00</subfield>
    <subfield code="s">2021-03-10</subfield>
    <subfield code="w">2005-08-22</subfield>
    <subfield code="y">BK</subfield>
  </datafield>
  <datafield tag="952" ind1=" " ind2=" ">
    <subfield code="0">0</subfield>
    <subfield code="1">0</subfield>
    <subfield code="2">ddc</subfield>
    <subfield code="4">0</subfield>
    <subfield code="7">0</subfield>
    <subfield code="8">BTECHECE</subfield>
    <subfield code="a">PIET</subfield>
    <subfield code="b">PIET</subfield>
    <subfield code="d">2005-08-18</subfield>
    <subfield code="e">UBS, DELHI</subfield>
    <subfield code="g">165.00</subfield>
    <subfield code="k">125382</subfield>
    <subfield code="l">2</subfield>
    <subfield code="o">621.4 SHP</subfield>
    <subfield code="p">1913</subfield>
    <subfield code="r">2021-03-18 00:00:00</subfield>
    <subfield code="s">2021-03-03</subfield>
    <subfield code="w">2005-08-18</subfield>
    <subfield code="y">BK</subfield>
  </datafield>
</record>
